<?xml version="1.0" encoding="UTF-8"?><?xml-stylesheet type="text/xsl" href="static/style.xsl"?><OAI-PMH xmlns="http://www.openarchives.org/OAI/2.0/" xmlns:xsi="http://www.w3.org/2001/XMLSchema-instance" xsi:schemaLocation="http://www.openarchives.org/OAI/2.0/ http://www.openarchives.org/OAI/2.0/OAI-PMH.xsd"><responseDate>2026-06-04T12:27:11Z</responseDate><request verb="GetRecord" identifier="oai:recam.amb.cat:20.500.14439/4694" metadataPrefix="marc">https://recam.amb.cat/rest/oai/request</request><GetRecord><record><header><identifier>oai:recam.amb.cat:20.500.14439/4694</identifier><datestamp>2026-04-23T08:55:20Z</datestamp><setSpec>com_20.500.14439_2794</setSpec><setSpec>com_20.500.14439_113</setSpec><setSpec>col_20.500.14439_4201</setSpec></header><metadata><record xmlns="http://www.loc.gov/MARC21/slim" xmlns:dcterms="http://purl.org/dc/terms/" xmlns:xsi="http://www.w3.org/2001/XMLSchema-instance" xmlns:doc="http://www.lyncode.com/xoai" xsi:schemaLocation="http://www.loc.gov/MARC21/slim http://www.loc.gov/standards/marcxml/schema/MARC21slim.xsd">
   <leader>00925njm 22002777a 4500</leader>
   <datafield ind2=" " ind1=" " tag="042">
      <subfield code="a">dc</subfield>
   </datafield>
   <datafield ind2=" " ind1=" " tag="720">
      <subfield code="a">Institut d'Estudis Regionals i Metropolitans de Barcelona</subfield>
      <subfield code="e">author</subfield>
   </datafield>
   <datafield ind2=" " ind1=" " tag="260">
      <subfield code="c">1994-09-01</subfield>
   </datafield>
   <datafield ind2=" " ind1=" " tag="520">
      <subfield code="a">Aquest quadern aplega les ponències presentades en l'esmentada jornada. En total es publiquen set treballs. En el primer, Josep Montilla, president del Consell Comarcal, planteja la necessitat d'encetar un debat sobre les potencialitats de la comarca i el seu paper en el conjunt metropolità i català. Tot seguit, els arquitectes Miquel Roa i Joan-Antoni Solans reflexionen, en sengles treballs, sobre l'evolució urbanística recent de la comarca i els reptes de futur. Figuren a continuació tres anàlisis sectorials: la primera, obra de l'economista Javier Sáez, estudia els usos del sòl i les seves tendències d'evalució; la segona, suscrita per l'enginyer Miguel Durbán, presenta els desenvolupaments infrastructurals previstos, amb particular referència a l'operació del Delta; finalment, l'arquitecte Xabier Eizaguirre analitza la problemàtica dels espais oberts a la comarca. El quadern es clou amb un recull de dades estadístiques bàsiques, compilat pels geògrafs Joan López i José Luis Flores.</subfield>
   </datafield>
   <datafield ind1="8" ind2=" " tag="024">
      <subfield code="a">8488068360</subfield>
   </datafield>
   <datafield ind1="8" ind2=" " tag="024">
      <subfield code="a">https://hdl.handle.net/20.500.14439/4694</subfield>
   </datafield>
   <datafield ind1="8" ind2=" " tag="024">
      <subfield code="a">B 39575-1994</subfield>
   </datafield>
   <datafield tag="653" ind2=" " ind1=" ">
      <subfield code="a">Urbanisme</subfield>
   </datafield>
   <datafield tag="653" ind2=" " ind1=" ">
      <subfield code="a">Territori</subfield>
   </datafield>
   <datafield ind2="0" ind1="0" tag="245">
      <subfield code="a">El Baix Llobregat: planejament urbanístic i problemàtica territorial. Papers, 19</subfield>
   </datafield>
</record></metadata></record></GetRecord></OAI-PMH>